Cities Sorting Gallery VIII Quiz Stats

 Plays Quiz Updated Oct 17, 2018

Score 0/55 Timer 07:00
13 Plays Today
% Correct
Seoul
92.6%
Warsaw
89.5%
Havana
87.6%
Kraków
86.9%
Stockholm
86.5%
Changwon
85.9%
Wrocław
85.2%
Jeonju
83.6%
Daejeon
81.9%
Gdańsk
80.1%
Gwangju
80%
Guantánamo
80%
Łódź
79.3%
Daegu
79.2%
Incheon
77.7%
Malmö
77.7%
Tripoli
77.4%
Suwon
76.7%
Quito
76.7%
Gothenburg
75.4%
Ulaanbaatar
74.8%
Benghazi
74.1%
Busan
73.1%
Poznań
71.4%
Cienfuegos
70.2%
Katowice
69%
Pinar del Río
68.5%
Linköping
67.9%
% Correct
Örebro
66.9%
Santa Clara
66%
Västerås
65.7%
Sana'a
64.8%
Las Tunas
64.7%
Kingstown
62.6%
Uppsala
62.6%
Szczecin
62.1%
Guayaquil
61.3%
Bamako
58.9%
Cuenca
58.8%
Timbuktu
56.3%
Aden
55.7%
Ulsan
47.4%
Lublin
46.1%
Bayda
38.8%
Misrata
36.8%
Zawiya
35.8%
Camagüey
34.9%
Taiz
34.7%
Ibb
31.8%
Holguín
31.2%
Choibalsan
31.1%
Durán
29.4%
Machala
28.3%
Erdenet
19.7%
Zliten
15.4%

You're not logged in!

Compare scores with friends on all Sporcle quizzes.
OR
Log In

Sporcle TV

Today on Sporcle TV


Watch our educational content, quiz creation guides, and fun videos on Sporcle TV.

Show Comments

Extras

Top Quizzes Today


Score Distribution

Your Account Isn't Verified!

In order to create a playlist on Sporcle, you need to verify the email address you used during registration. Go to your Sporcle Settings to finish the process.

Report this User

Report this user for behavior that violates our Community Guidelines.

Details: